[Event "Baden-Baden op"]
[Site "Baden-Baden"]
[Date "2024.02.09"]
[Round "1"]
[White "Miller, Eduard"]
[Black "Boettcher, Fabian"]
[Result "1-0"]
[WhiteElo "2353"]
[BlackElo "1820"]
[PlyCount "73"]
[EventDate "2024.02.09"]
[EventType "swiss"]
[EventRounds "9"]
[EventCountry "GER"]
[SourceTitle "CB08_2024"]
[SourceDate "2024.02.21"]
[SourceVersion "1"]
[SourceVersionDate "2024.02.21"]
[SourceQuality "1"]

1. d4 Nf6 2. Bf4 d5 3. e3 e6 4. Nf3 Bd6 5. Ne5 0-0 6. Nd2 c5 7. c3 Nc6 8. Bd3 Qc7 9. Ndf3 Ne4 10. 0-0 f6 11. Nxc6 Bxf4 12. exf4 Qxc6 13. Re1 b6 14. Qe2 Bb7 15. Rad1 a6 16. dxc5 bxc5 17. Bxe4 dxe4 18. Nd2 Rad8 19. Nb3 Rd5 20. c4 Rd3 21. Rxd3 exd3 22. Qxe6+ Qxe6 23. Rxe6 d2 24. Nxd2 Rd8 25. Re2 Be4 26. f3 Bd3 27. Re1 Rd4 28. b3 Rxf4 29. Re8+ Kf7 30. Rc8 Rf5 31. Rd8 Bc2 32. Rd7+ Kf8 33. Kf2 Re5 34. Rc7 Bd1 35. Ne4 f5 36. Nc3 Bc2 37. f4 1-0

[Event "Pfalz op-B 11th"]
[Site "Neustadt an der Weinstrasse"]
[Date "2020.02.23"]
[Round "4"]
[White "Gerhardt, Pascal"]
[Black "Boettcher, Fabian"]
[Result "1-0"]
[WhiteElo "1728"]
[BlackElo "1881"]
[PlyCount "87"]
[EventDate "2020.02.21"]
[EventType "swiss"]
[EventRounds "7"]
[EventCountry "GER"]
[SourceTitle "CBM 195 Extra"]
[Source "ChessBase"]
[SourceDate "2020.05.31"]
[SourceVersion "1"]
[SourceVersionDate "2020.05.31"]
[SourceQuality "1"]

1. d4 Nf6 2. c4 g6 3. Nc3 d5 4. cxd5 Nxd5 5. e4 Nxc3 6. bxc3 Bg7 7. Bc4 c5 8. Ne2 0-0 9. 0-0 Nc6 10. Be3 Qc7 11. Qc1 Rd8 12. Rd1 Na5 13. Bd3 c4 14. Bc2 b6 15. Bf4 e5 16. Bg5 f6 17. Bh6 Bg4 18. f3 Be6 19. d5 Bf7 20. Bxg7 Kxg7 21. Qa3 Nb7 22. Rab1 Nd6 23. Qc1 Qe7 24. Qe3 f5 25. Qf2 Rf8 26. exf5 gxf5 27. Ng3 Bg6 28. Re1 f4 29. Ne4 Nf5 30. Ba4 Rad8 31. Rbd1 Be8 32. Qc2 b5 33. Bxb5 Bxb5 34. a4 Ba6 35. Qa2 Ne3 36. Rd2 Nxd5 37. h4 Qxh4 38. Red1 Ne3 39. Rd7+ Rxd7 40. Rxd7+ Rf7 41. Qd2 Qh5 42. Qd6 Qg6 43. Qxe5+ Kh6 44. Rd6 1-0